| 000 | 00673nam a2200217Ii 4500 | ||
|---|---|---|---|
| 003 | JO-AjNU | ||
| 008 | 230606s9999||||xx |||||||||||||| ||und|| | ||
| 020 | _a84-9764-665-7/84-9764-662-2 | ||
| 040 |
_aJO-AjNU _beng _erda _cJO-AjNU |
||
| 041 | _aeng | ||
| 050 | 1 | 4 | _aPQ6323.A1 2004 |
| 100 | 3 |
_aSaavdra, Miguel de Cerantes, _eauthor _95363 |
|
| 245 | 0 | 0 | _aDon Quijote DE LA Mancha, Primera parte Vol. 111 |
| 250 | _aespecial para esta promocion | ||
| 264 | 3 | 1 | _aJoaquin Machin Azparren |
| 300 | _aVol.111, 287p | ||
| 336 |
_atext _btxt _2rdacontent |
||
| 337 |
_aunmediated _bn _2rdamedia |
||
| 338 |
_avolume _bnc _2rdacarrier |
||
| 650 | 4 |
_aFraince - Literature _95364 |
|
| 999 |
_aE2770 _c2768 _d2768 |
||